| 000 | 00651nam a2200229 a 4500 | ||
|---|---|---|---|
| 001 | 53343 | ||
| 003 | BD-RjUL | ||
| 005 | 20211209075939.0 | ||
| 008 | 161005s1967 ilua b 000 0 eng | ||
| 035 | _a(BD-RjUL)53463 | ||
| 040 |
_aDLC _cFJ _dOCoLC _dBD-RjUL _beng |
||
| 041 | _aeng | ||
| 082 |
_a414.8 _223 _bABE 1967 |
||
| 100 | 1 |
_aAbercrombie, David. _9125540 |
|
| 245 | 1 | 0 |
_aElements of general phonetics. _cDavid Abercrombie |
| 260 |
_aChicago : _bAldine Pub. Co. _cc1967 |
||
| 300 |
_a203 p. : _bill. ; _c23 cm. |
||
| 500 | _aInclude index | ||
| 650 | 0 |
_aEnglish language _xPhonetics. _9122413 |
|
| 942 |
_2ddc _cBK _01 |
||
| 999 |
_c53343 _d53343 |
||